The Life of Vincent Van Gogh - Statistics

General Stats
  • This quiz has been taken 18 times
  • The average score is 5 of 11
Answer Stats
Question Answer % Correct
Van Gogh was known for sending many letters for emotional and financial support to which family member? _____ Van Gogh. Theo Van Gogh
86%
Van Gogh moves to the yellow house which is located in ______, France. Arles
71%
Which other famous painter was Van Gogh friends with for a time? Paul Gauguin
71%
Which mental illness is debated that Van Gogh likely had? Bipolar Disorder
64%
Van Gogh's middle name: Vincent _____ Van Gogh. Willem
57%
Van Gogh was born 30 March 18__. 1853
50%
Before becoming an artist Van Gogh spent time in the mining area of Belgium as what? Evangelical Preacher
43%
At 16, Van Gogh joins Goupil & Cie working as a what? Art Dealer/Clerk
29%
Scholars believe that Van Gogh may have not of shot himself, but rather _____ _____. Local Youths
7%
In Van Gogh's final unsent letter to his brother, he writes "The ________ will last forever." Sadness
7%
Which mental institute did Van Gogh admit himself to, where he painted "The Starry Night"? _____-_____ de Mausole Saint-Paul de Mausole
0%
No matching quizzes found
Score Distribution
Percent of People with Each Score
Percentile by Number Answered
Your Score History
You have not taken this quiz